01154cam a2200253 a 450000500170000000800410001702000150005804000290007304100130010204400070011508200210012224501150014325000110025826001580026930000910042750000410051850400420055965000520060165000620065365000640071570000330077971000330081271000550084520151209105724.0930915s1993 ck abf b 000 0 spa d a9583300527 aDSIcDLCdDLCdCO-BoIAVH0 aspabeng ack04a333.720986bA55c00aCarpanta :becología y conservación de un ecosistema altoandino /cGermán I. Andrade (ed.) ... [et al.]. a1. ed. aBogotá :bFundación Natura Colombia ;a[United States] :bNature Conservancy ;aBogotá :bEmpresa de Acueducto y Alcantarillado de Bogotá,c1993. a256, [12] páginas de placas :bilustraciones (algunas a color), mapas ;c24 x 19 cm. aResúmenes en inglés y español. aIncluye referencias bibliográficas. 0aÁreas NaturaleszColombiazRegión Carpanta. 0aNaturalezaxConservación zColombiazRegión Carpanta. 0aBiodiversidadxConservaciónzColombiazRegión Carpanta.1 aAndrade, Germán I.eEditor2 aFundación Natura Colombia.2 aEmpresa de Acueducto y Alcantarillado de Bogotá.